| 000 | 00437nam a2200169Ia 4500 | ||
|---|---|---|---|
| 008 | 220216s9999 xx 000 0 und d | ||
| 100 | _aAmsallem I | ||
| 245 | 0 | _aEvolution of tree cropping systems in southern Thailand | |
| 260 |
_bESAT, Montepellier, France _c1992 |
||
| 300 | _a95p | ||
| 500 | _aSource Year: 1993 | ||
| 650 | _aAgroforestry | ||
| 650 | _aCropping system | ||
| 650 | _aFruit tree | ||
| 856 | _uATA | ||
| 942 | _cJS | ||
| 999 |
_c59065 _d59065 |
||